[Event "DVM U20 2020"]
[Site "Willingen GER"]
[Date "2021.06.24"]
[Round "1"]
[White "Schneider, Jana"]
[Black "Kololli, Martin"]
[Result "1-0"]
[Termination "normal"]
[Board "2.1"]
[WhiteTitle "FM"]
[BlackTitle "FM"]
[WhiteElo "2321"]
[BlackElo "2316"]
[WhiteClock "00:11:00"]
[BlackClock "00:18:01"]
[WhiteTeam "SC Bavaria Regensburg von 1881 e.V."]
[BlackTeam "Lübecker SV von 1873"]
[PlyCount "75"]
[WhiteFideId "12924997"]
[BlackFideId "12936910"]
[EventCountry "GER"]
[EventRounds "7"]
[EventType "team-swiss"]
[EventDate "2021.06.23"]

1. e4 {[%clk 01:30:54]} {[%emt 00:00:05]} e5 {[%clk 01:30:54]} {[%emt
00:00:06]} 2. Nf3 {[%clk 01:31:17]} {[%emt 00:00:08]} Nc6 {[%clk 01:31:18]}
{[%emt 00:00:05]} 3. Bb5 {[%clk 01:31:41]} {[%emt 00:00:07]} a6 {[%clk
01:31:41]} {[%emt 00:00:07]} 4. Ba4 {[%clk 01:32:05]} {[%emt 00:00:06]} Nf6
{[%clk 01:32:05]} {[%emt 00:00:06]} 5. O-O {[%clk 01:32:16]} {[%emt 00:00:19]}
Be7 {[%clk 01:32:25]} {[%emt 00:00:09]} 6. Re1 {[%clk 01:32:36]} {[%emt
00:00:10]} b5 {[%clk 01:32:44]} {[%emt 00:00:11]} 7. Bb3 {[%clk 01:32:58]}
{[%emt 00:00:08]} d6 {[%clk 01:33:06]} {[%emt 00:00:08]} 8. c3 {[%clk
01:33:20]} {[%emt 00:00:09]} O-O {[%clk 01:33:26]} {[%emt 00:00:09]} 9. h3
{[%clk 01:33:44]} {[%emt 00:00:08]} Na5 {[%clk 01:31:27]} {[%emt 00:02:28]} 10.
Bc2 {[%clk 01:34:04]} {[%emt 00:00:10]} c5 {[%clk 01:31:53]} {[%emt 00:00:04]}
11. d4 {[%clk 01:33:57]} {[%emt 00:00:38]} Qc7 {[%clk 01:30:56]} {[%emt
00:01:31]} 12. Nbd2 {[%clk 01:33:47]} {[%emt 00:21:51]} Re8 {[%clk 01:30:43]}
13. d5 {[%clk 01:33:15]} c4 {[%clk 01:27:23]} 14. Nf1 {[%clk 01:29:22]} h6
{[%clk 01:24:12]} 15. Ng3 {[%clk 01:28:25]} Nb7 {[%clk 01:23:32]} 16. Nh2
{[%clk 01:21:26]} {[%emt 00:02:30]} Bf8 {[%clk 01:21:42]} {[%emt 00:02:19]} 17.
Qf3 {[%clk 01:08:58]} {[%emt 00:12:58]} Qe7 {[%clk 01:08:47]} {[%emt 00:13:25]}
18. a4 {[%clk 00:58:57]} {[%emt 00:10:32]} Bd7 {[%clk 01:07:48]} {[%emt
00:01:28]} 19. Be3 {[%clk 00:56:34]} {[%emt 00:02:54]} g6 {[%clk 01:06:37]}
{[%emt 00:01:41]} 20. Qe2 {[%clk 00:53:07]} {[%emt 00:03:57]} Rec8 {[%clk
00:58:20]} {[%emt 00:08:46]} 21. f4 {[%clk 00:44:17]} {[%emt 00:09:20]} exf4
{[%clk 00:57:44]} {[%emt 00:01:07]} 22. Bxf4 {[%clk 00:44:14]} {[%emt
00:00:33]} Nc5 {[%clk 00:56:55]} {[%emt 00:01:18]} 23. Qd2 {[%clk 00:42:50]}
{[%emt 00:01:54]} Kh7 {[%clk 00:54:48]} {[%emt 00:02:37]} 24. e5 {[%clk
00:40:38]} {[%emt 00:02:43]} dxe5 {[%clk 00:54:04]} {[%emt 00:01:14]} 25. Bxe5
{[%clk 00:37:31]} {[%emt 00:03:37]} Nb3 {[%clk 00:51:48]} {[%emt 00:02:46]} 26.
Bxb3 {[%clk 00:34:36]} {[%emt 00:03:25]} cxb3 {[%clk 00:52:10]} {[%emt
00:00:07]} 27. d6 {[%clk 00:32:58]} {[%emt 00:02:08]} Qe6 {[%clk 00:50:13]}
{[%emt 00:02:27]} 28. Nf3 {[%clk 00:25:57]} {[%emt 00:07:31]} Ne8 {[%clk
00:38:52]} {[%emt 00:11:51]} 29. Bg7 {[%clk 00:24:13]} {[%emt 00:02:14]} Qxe1+
{[%clk 00:29:22]} {[%emt 00:10:00]} 30. Rxe1 {[%clk 00:23:53]} {[%emt
00:00:51]} Kxg7 {[%clk 00:29:26]} {[%emt 00:00:26]} 31. Ne4 {[%clk 00:19:55]}
{[%emt 00:04:27]} f6 {[%clk 00:28:12]} {[%emt 00:01:44]} 32. Qd5 {[%clk
00:17:55]} {[%emt 00:02:30]} Bc6 {[%clk 00:25:40]} {[%emt 00:03:02]} 33. Qe6
{[%clk 00:17:10]} {[%emt 00:01:16]} Rd8 {[%clk 00:25:56]} {[%emt 00:00:13]} 34.
Nd4 {[%clk 00:15:37]} {[%emt 00:02:04]} Bd7 {[%clk 00:22:16]} {[%emt 00:04:10]}
35. Qd5 {[%clk 00:15:00]} {[%emt 00:03:43]} Rac8 {[%clk 00:18:24]} {[%emt
00:10:47]} 36. axb5 {[%clk 00:14:49]} axb5 {[%clk 00:18:45]} 37. Ra1 {[%clk
00:13:17]} f5 {[%clk 00:18:01]} 38. Nc5 {[%clk 00:11:00]} 1-0

[Event "DVM U20 2020"]
[Site "Willingen GER"]
[Date "2021.06.24"]
[Round "1"]
[White "Bosselmann, Tom Linus"]
[Black "Goldbeck, Lars"]
[Result "0-1"]
[Termination "normal"]
[Board "2.2"]
[BlackTitle "FM"]
[WhiteElo "2060"]
[BlackElo "2235"]
[WhiteClock "00:05:39"]
[BlackClock "00:07:38"]
[WhiteTeam "Lübecker SV von 1873"]
[BlackTeam "SC Bavaria Regensburg von 1881 e.V."]
[PlyCount "80"]
[WhiteFideId "12983845"]
[BlackFideId "16208188"]
[EventCountry "GER"]
[EventRounds "7"]
[EventType "team-swiss"]
[EventDate "2021.06.23"]

1. e4 {[%clk 01:30:57]} {[%emt 00:00:03]} c6 {[%clk 01:30:55]} {[%emt
00:00:06]} 2. Nc3 {[%clk 01:30:49]} {[%emt 00:00:38]} d5 {[%clk 01:31:12]}
{[%emt 00:00:13]} 3. Nf3 {[%clk 01:31:00]} {[%emt 00:00:19]} a6 {[%clk
01:30:22]} {[%emt 00:01:19]} 4. d4 {[%clk 01:28:10]} {[%emt 00:03:21]} Bg4
{[%clk 01:30:36]} {[%emt 00:00:15]} 5. h3 {[%clk 01:26:22]} {[%emt 00:11:52]}
Bh5 {[%clk 01:30:58]} 6. g4 {[%clk 01:23:41]} Bg6 {[%clk 01:31:27]} 7. Ne5
{[%clk 01:23:10]} e6 {[%clk 01:24:39]} {[%emt 00:04:03]} 8. Bg2 {[%clk
01:17:54]} {[%emt 00:06:52]} Nd7 {[%clk 01:21:35]} {[%emt 00:00:30]} 9. Nxg6
{[%clk 01:17:17]} {[%emt 00:01:06]} hxg6 {[%clk 01:22:00]} {[%emt 00:00:05]}
10. O-O {[%clk 01:08:31]} {[%emt 00:09:15]} dxe4 {[%clk 01:12:52]} {[%emt
00:09:39]} 11. Nxe4 {[%clk 01:04:01]} {[%emt 00:05:01]} Ngf6 {[%clk 01:08:55]}
{[%emt 00:04:26]} 12. Ng5 {[%clk 01:00:33]} {[%emt 00:03:58]} Bd6 {[%clk
00:59:51]} {[%emt 00:09:34]} 13. c4 {[%clk 00:57:11]} {[%emt 00:03:51]} O-O
{[%clk 00:57:03]} {[%emt 00:03:18]} 14. Be3 {[%clk 00:56:22]} {[%emt 00:01:20]}
Qc7 {[%clk 00:56:38]} {[%emt 00:00:56]} 15. Qb3 {[%clk 00:53:30]} {[%emt
00:03:22]} a5 {[%clk 00:50:12]} {[%emt 00:06:55]} 16. Rac1 {[%clk 00:49:27]}
{[%emt 00:04:33]} a4 {[%clk 00:49:28]} {[%emt 00:01:14]} 17. Qd3 {[%clk
00:49:00]} {[%emt 00:00:56]} Rfd8 {[%clk 00:48:32]} {[%emt 00:01:26]} 18. Qe2
{[%clk 00:41:50]} {[%emt 00:07:40]} Re8 {[%clk 00:41:27]} {[%emt 00:07:36]} 19.
Rfd1 {[%clk 00:40:20]} {[%emt 00:02:00]} Rad8 {[%clk 00:21:30]} {[%emt
00:20:27]} 20. d5 {[%clk 00:32:48]} {[%emt 00:08:02]} exd5 {[%clk 00:20:48]}
{[%emt 00:01:12]} 21. cxd5 {[%clk 00:33:15]} {[%emt 00:00:03]} c5 {[%clk
00:20:08]} {[%emt 00:01:10]} 22. Qb5 {[%clk 00:29:12]} {[%emt 00:04:33]} Rxe3
{[%clk 00:10:44]} {[%emt 00:09:55]} 23. fxe3 {[%clk 00:29:15]} {[%emt
00:00:26]} Ra8 {[%clk 00:08:34]} {[%emt 00:02:40]} 24. Qd3 {[%clk 00:25:17]}
{[%emt 00:04:27]} Ne5 {[%clk 00:06:17]} {[%emt 00:02:48]} 25. Qc3 {[%clk
00:25:23]} {[%emt 00:00:23]} b5 {[%clk 00:06:08]} {[%emt 00:00:40]} 26. Ne4
{[%clk 00:20:33]} Nxe4 27. Bxe4 {[%clk 00:21:02]} Re8 {[%clk 00:06:28]} {[%emt
00:00:01]} 28. Bg2 {[%clk 00:12:01]} {[%emt 00:10:47]} Nc4 {[%clk 00:06:43]}
29. Re1 {[%clk 00:11:40]} {[%emt 00:00:17]} Be5 {[%clk 00:06:46]} {[%emt
00:00:08]} 30. Qd3 {[%clk 00:12:07]} {[%emt 00:00:04]} Bxb2 {[%clk 00:05:47]}
{[%emt 00:06:35]} 31. Rxc4 {[%clk 00:09:58]} bxc4 {[%clk 00:06:09]} 32. Qxc4
{[%clk 00:10:07]} Qg3 {[%clk 00:06:28]} {[%emt 00:00:01]} 33. Qe2 {[%clk
00:06:58]} {[%emt 00:01:21]} Bd4 {[%clk 00:05:53]} {[%emt 00:01:05]} 34. exd4
{[%clk 00:06:37]} {[%emt 00:00:51]} Qxe1+ {[%clk 00:06:02]} {[%emt 00:00:21]}
35. Qxe1 {[%clk 00:07:06]} {[%emt 00:00:03]} Rxe1+ {[%clk 00:06:25]} {[%emt
00:00:05]} 36. Kf2 {[%clk 00:07:31]} {[%emt 00:00:04]} Rc1 {[%clk 00:06:48]}
{[%emt 00:00:08]} 37. d6 {[%clk 00:05:50]} {[%emt 00:02:11]} Kf8 {[%clk
00:07:12]} {[%emt 00:00:06]} 38. Bd5 {[%clk 00:05:37]} {[%emt 00:00:42]} cxd4
{[%clk 00:06:43]} {[%emt 00:00:59]} 39. d7 {[%clk 00:05:26]} {[%emt 00:00:42]}
Ke7 {[%clk 00:07:11]} 40. Bxf7 {[%clk 00:05:39]} {[%emt 00:00:16]} g5 {[%clk
00:07:38]} {[%emt 00:00:04]} 0-1

[Event "DVM U20 2020"]
[Site "Willingen GER"]
[Date "2021.06.24"]
[Round "1"]
[White "Oberhofer, Cédric"]
[Black "Bornholdt, Joa Max"]
[Result "1-0"]
[Termination "normal"]
[Board "2.3"]
[WhiteElo "2262"]
[BlackElo "1998"]
[WhiteClock "00:20:27"]
[BlackClock "00:25:16"]
[WhiteTeam "SC Bavaria Regensburg von 1881 e.V."]
[BlackTeam "Lübecker SV von 1873"]
[PlyCount "117"]
[WhiteFideId "12941220"]
[BlackFideId "16253477"]
[EventCountry "GER"]
[EventRounds "7"]
[EventType "team-swiss"]
[EventDate "2021.06.23"]

1. d4 {[%clk 01:30:57]} {[%emt 00:00:02]} Nf6 {[%clk 01:30:29]} {[%emt
00:00:31]} 2. c4 {[%clk 01:31:10]} {[%emt 00:00:17]} e6 {[%clk 01:30:43]}
{[%emt 00:00:16]} 3. g3 {[%clk 01:31:13]} {[%emt 00:00:27]} d5 {[%clk
01:30:50]} {[%emt 00:00:24]} 4. Nf3 {[%clk 01:31:30]} {[%emt 00:00:13]} Be7
{[%clk 01:30:48]} {[%emt 00:00:31]} 5. Bg2 {[%clk 01:31:44]} {[%emt 00:00:17]}
O-O {[%clk 01:31:06]} {[%emt 00:00:11]} 6. O-O {[%clk 01:31:55]} {[%emt
00:00:19]} dxc4 {[%clk 01:30:34]} {[%emt 00:01:03]} 7. Qc2 {[%clk 01:31:53]}
{[%emt 00:00:33]} a6 {[%clk 01:29:44]} {[%emt 00:01:19]} 8. a4 {[%clk
01:30:23]} {[%emt 00:11:43]} Bd7 {[%clk 01:28:50]} 9. Qxc4 {[%clk 01:30:00]}
Bc6 {[%clk 01:28:02]} 10. Bg5 {[%clk 01:27:25]} Bd5 {[%clk 01:25:13]} {[%emt
00:00:15]} 11. Qc1 {[%clk 01:17:36]} {[%emt 00:10:42]} h6 {[%clk 01:24:04]}
{[%emt 00:01:17]} 12. Bxf6 {[%clk 01:15:54]} {[%emt 00:02:13]} Bxf6 {[%clk
01:24:13]} {[%emt 00:00:21]} 13. Nc3 {[%clk 01:12:04]} {[%emt 00:04:19]} Bxf3
{[%clk 01:23:48]} {[%emt 00:00:55]} 14. Bxf3 {[%clk 01:12:10]} {[%emt
00:00:25]} c6 {[%clk 01:23:46]} {[%emt 00:00:31]} 15. Rd1 {[%clk 01:09:27]}
{[%emt 00:03:13]} a5 {[%clk 01:21:28]} {[%emt 00:02:49]} 16. Ne4 {[%clk
01:03:30]} {[%emt 00:06:25]} Na6 {[%clk 01:20:40]} {[%emt 00:01:19]} 17. Qc4
{[%clk 01:00:02]} {[%emt 00:03:57]} Be7 {[%clk 01:09:48]} {[%emt 00:11:23]} 18.
Qb3 {[%clk 00:55:41]} {[%emt 00:04:51]} Qc7 {[%clk 01:05:48]} {[%emt 00:04:30]}
19. Nd2 {[%clk 00:51:49]} {[%emt 00:04:21]} Rfd8 {[%clk 01:01:34]} {[%emt
00:04:45]} 20. Nc4 {[%clk 00:48:33]} {[%emt 00:03:45]} Nb4 {[%clk 01:00:20]}
{[%emt 00:01:44]} 21. Rac1 {[%clk 00:42:48]} {[%emt 00:06:16]} Bf6 {[%clk
00:50:11]} {[%emt 00:10:39]} 22. e3 {[%clk 00:39:42]} {[%emt 00:03:35]} g6
{[%clk 00:45:30]} {[%emt 00:05:11]} 23. Be4 {[%clk 00:37:19]} {[%emt 00:02:54]}
h5 {[%clk 00:40:44]} {[%emt 00:05:16]} 24. f4 {[%clk 00:34:01]} {[%emt
00:03:47]} Nd5 {[%clk 00:35:18]} {[%emt 00:05:57]} 25. Kg2 {[%clk 00:30:05]}
{[%emt 00:04:26]} Qe7 {[%clk 00:26:24]} {[%emt 00:09:24]} 26. Re1 {[%clk
00:23:55]} {[%emt 00:06:39]} Qb4 {[%clk 00:25:31]} {[%emt 00:01:24]} 27. Qc2
{[%clk 00:21:54]} {[%emt 00:02:30]} Kg7 {[%clk 00:23:38]} {[%emt 00:02:24]} 28.
Ne5 {[%clk 00:14:55]} {[%emt 00:07:29]} Bxe5 {[%clk 00:21:57]} {[%emt
00:02:11]} 29. fxe5 {[%clk 00:14:36]} {[%emt 00:00:49]} Nxe3+ 30. Rxe3 {[%clk
00:15:01]} Rxd4 {[%clk 00:14:36]} 31. Re2 {[%clk 00:09:06]} Rad8 {[%clk
00:14:44]} 32. Bf3 h4 {[%clk 00:08:02]} {[%emt 00:07:06]} 33. Rf1 {[%clk
00:05:49]} {[%emt 00:01:01]} hxg3 {[%clk 00:04:59]} {[%emt 00:03:33]} 34. hxg3
{[%clk 00:05:57]} {[%emt 00:00:19]} Qxa4 {[%clk 00:05:11]} {[%emt 00:00:18]}
35. Qc1 {[%clk 00:03:37]} {[%emt 00:02:50]} Rh8 {[%clk 00:01:29]} {[%emt
00:04:12]} 36. Qg5 {[%clk 00:01:52]} {[%emt 00:02:15]} Rd1 {[%clk 00:01:11]}
{[%emt 00:00:47]} 37. Qf6+ {[%clk 00:01:00]} {[%emt 00:01:22]} Kg8 {[%clk
00:01:39]} {[%emt 00:00:03]} 38. Ref2 {[%clk 00:00:48]} {[%emt 00:00:42]} Rxf1
{[%clk 00:01:35]} {[%emt 00:00:34]} 39. Rxf1 {[%clk 00:01:06]} {[%emt
00:00:12]} Qb5 {[%clk 00:00:36]} {[%emt 00:01:30]} 40. Qd8+ {[%clk 00:00:44]}
{[%emt 00:00:52]} Kg7 {[%clk 00:01:03]} {[%emt 00:00:02]} 41. Qf6+ {[%clk
00:00:46]} {[%emt 00:00:28]} Kg8 {[%clk 00:01:31]} {[%emt 00:00:02]} 42. Rf2
{[%clk 00:23:28]} {[%emt 00:07:48]} Qc4 {[%clk 00:27:30]} {[%emt 00:09:24]} 43.
Rd2 {[%clk 00:21:27]} Kh7 {[%clk 00:25:55]} {[%emt 00:00:03]} 44. Qxf7+ {[%clk
00:20:02]} {[%emt 00:01:35]} Kh6 {[%clk 00:26:24]} {[%emt 00:00:01]} 45. Qf4+
{[%clk 00:17:32]} {[%emt 00:03:00]} Qxf4 {[%clk 00:26:51]} {[%emt 00:00:03]}
46. gxf4 {[%clk 00:17:57]} {[%emt 00:00:05]} g5 {[%clk 00:26:18]} {[%emt
00:01:03]} 47. Kg3 {[%clk 00:18:16]} {[%emt 00:00:12]} gxf4+ {[%clk 00:26:41]}
{[%emt 00:00:06]} 48. Kxf4 {[%clk 00:18:41]} {[%emt 00:00:05]} Rf8+ {[%clk
00:26:23]} {[%emt 00:00:48]} 49. Ke4 {[%clk 00:19:05]} {[%emt 00:00:05]} b5
{[%clk 00:25:00]} {[%emt 00:01:53]} 50. Bg4 {[%clk 00:18:28]} {[%emt 00:01:07]}
Kg5 {[%clk 00:24:58]} {[%emt 00:00:33]} 51. Bxe6 {[%clk 00:18:50]} {[%emt
00:00:08]} Rf4+ {[%clk 00:25:20]} {[%emt 00:00:09]} 52. Ke3 {[%clk 00:19:10]}
{[%emt 00:00:09]} Rb4 {[%clk 00:25:17]} {[%emt 00:00:32]} 53. Rg2+ {[%clk
00:19:23]} {[%emt 00:00:18]} Kh6 {[%clk 00:25:46]} {[%emt 00:00:02]} 54. Bd7
{[%clk 00:19:28]} {[%emt 00:00:24]} Rc4 {[%clk 00:25:09]} {[%emt 00:01:08]} 55.
e6 {[%clk 00:19:43]} {[%emt 00:00:14]} Rc5 {[%clk 00:25:36]} {[%emt 00:00:03]}
56. Kf4 {[%clk 00:20:00]} {[%emt 00:00:13]} Rc1 {[%clk 00:24:58]} {[%emt
00:01:07]} 57. e7 {[%clk 00:20:03]} {[%emt 00:00:28]} Rf1+ {[%clk 00:25:22]}
{[%emt 00:00:06]} 58. Ke5 {[%clk 00:20:27]} {[%emt 00:00:05]} Re1+ {[%clk
00:25:16]} {[%emt 00:00:37]} 59. Kd6 {[%emt 00:01:07]} 1-0

[Event "DVM U20 2020"]
[Site "Willingen GER"]
[Date "2021.06.24"]
[Round "1"]
[White "Tiedemann, Fin Niklas"]
[Black "Dechant, Georg"]
[Result "0-1"]
[Termination "normal"]
[Board "2.4"]
[WhiteElo "1945"]
[BlackElo "2022"]
[WhiteClock "00:00:34"]
[BlackClock "00:02:16"]
[WhiteTeam "Lübecker SV von 1873"]
[BlackTeam "SC Bavaria Regensburg von 1881 e.V."]
[PlyCount "80"]
[WhiteFideId "12936936"]
[BlackFideId "12956716"]
[EventCountry "GER"]
[EventRounds "7"]
[EventType "team-swiss"]
[EventDate "2021.06.23"]

1. e4 {[%clk 01:30:55]} {[%emt 00:00:04]} c5 {[%clk 01:30:56]} {[%emt
00:00:05]} 2. Nc3 {[%clk 01:31:19]} {[%emt 00:00:06]} Nc6 {[%clk 01:31:20]}
{[%emt 00:00:06]} 3. g3 {[%clk 01:31:44]} {[%emt 00:00:05]} g6 {[%clk
01:31:43]} {[%emt 00:00:05]} 4. Bg2 {[%clk 01:32:08]} {[%emt 00:00:07]} Bg7
{[%clk 01:32:09]} {[%emt 00:00:04]} 5. d3 {[%clk 01:32:32]} {[%emt 00:00:07]}
d6 {[%clk 01:32:36]} {[%emt 00:00:03]} 6. f4 {[%clk 01:32:48]} {[%emt
00:00:13]} e6 {[%clk 01:33:02]} {[%emt 00:00:04]} 7. Nf3 {[%clk 01:33:14]}
{[%emt 00:00:04]} Nge7 {[%clk 01:33:27]} {[%emt 00:00:05]} 8. O-O {[%clk
01:32:16]} {[%emt 00:01:28]} O-O {[%clk 01:33:51]} {[%emt 00:00:05]} 9. Ne2
{[%clk 01:31:30]} {[%emt 00:01:17]} b6 {[%clk 01:34:13]} {[%emt 00:00:08]} 10.
c3 {[%clk 01:31:16]} {[%emt 00:00:44]} Bb7 {[%clk 01:34:38]} {[%emt 00:00:06]}
11. d4 {[%clk 01:28:45]} {[%emt 00:12:58]} Qd7 12. dxc5 {[%clk 01:16:33]}
{[%emt 00:04:21]} bxc5 {[%clk 01:33:57]} {[%emt 00:06:34]} 13. e5 {[%clk
01:16:55]} Nd5 {[%clk 01:11:14]} {[%emt 00:16:52]} 14. exd6 {[%clk 01:12:25]}
{[%emt 00:05:01]} Ba6 {[%clk 01:03:20]} {[%emt 00:08:23]} 15. Ng5 {[%clk
01:09:30]} {[%emt 00:03:25]} Qxd6 {[%clk 00:59:48]} {[%emt 00:04:01]} 16. Re1
{[%clk 01:07:42]} {[%emt 00:02:18]} Rfd8 {[%clk 00:56:36]} {[%emt 00:03:42]}
17. Qa4 {[%clk 01:00:53]} {[%emt 00:07:20]} Bb7 {[%clk 00:53:09]} {[%emt
00:03:57]} 18. Qb5 {[%clk 00:55:04]} {[%emt 00:06:18]} Qe7 {[%clk 00:46:54]}
{[%emt 00:06:46]} 19. Kf1 {[%clk 00:42:33]} {[%emt 00:13:01]} a6 {[%clk
00:38:55]} {[%emt 00:08:30]} 20. Qc4 {[%clk 00:37:50]} {[%emt 00:05:11]} Na5
{[%clk 00:36:17]} {[%emt 00:03:08]} 21. Qa4 {[%clk 00:37:14]} {[%emt 00:01:07]}
Qc7 {[%clk 00:34:25]} {[%emt 00:02:22]} 22. Ne4 {[%clk 00:32:43]} {[%emt
00:05:00]} Bc6 {[%clk 00:31:28]} {[%emt 00:03:28]} 23. Qc2 {[%clk 00:25:06]}
{[%emt 00:08:07]} Bb5 {[%clk 00:17:35]} {[%emt 00:14:24]} 24. Rb1 {[%clk
00:21:26]} {[%emt 00:04:09]} Nc4 {[%clk 00:13:12]} {[%emt 00:04:52]} 25. Kf2
{[%clk 00:21:33]} {[%emt 00:00:23]} Rac8 {[%clk 00:09:03]} {[%emt 00:04:39]}
26. a4 {[%clk 00:06:26]} {[%emt 00:16:27]} Bc6 {[%clk 00:09:26]} {[%emt
00:00:02]} 27. b3 {[%clk 00:06:31]} {[%emt 00:00:10]} Nd6 {[%clk 00:04:33]}
{[%emt 00:06:38]} 28. Bd2 {[%clk 00:04:54]} {[%emt 00:00:31]} Nf5 {[%clk
00:04:02]} {[%emt 00:00:55]} 29. Ng1 {[%clk 00:02:04]} {[%emt 00:03:17]} c4
{[%clk 00:03:17]} {[%emt 00:01:17]} 30. bxc4 {[%clk 00:02:21]} {[%emt
00:00:12]} Nb6 {[%clk 00:03:33]} {[%emt 00:00:14]} 31. c5 {[%clk 00:00:51]}
{[%emt 00:02:00]} Nc4 {[%clk 00:03:56]} {[%emt 00:00:09]} 32. Bc1 {[%clk
00:00:58]} {[%emt 00:00:21]} Qa5 {[%clk 00:04:04]} {[%emt 00:00:23]} 33. Rb4
{[%clk 00:01:03]} {[%emt 00:00:27]} Bd5 {[%clk 00:03:50]} {[%emt 00:00:41]} 34.
g4 {[%clk 00:01:04]} {[%emt 00:00:29]} Nh4 {[%clk 00:02:18]} {[%emt 00:02:02]}
35. Bh1 {[%clk 00:00:47]} {[%emt 00:00:48]} f5 {[%clk 00:02:33]} {[%emt
00:00:15]} 36. Kg3 {[%clk 00:00:38]} {[%emt 00:00:39]} fxe4 {[%clk 00:02:28]}
{[%emt 00:00:35]} 37. Kxh4 {[%clk 00:00:56]} {[%emt 00:00:12]} Qxc5 {[%clk
00:01:39]} {[%emt 00:01:19]} 38. Nh3 {[%clk 00:00:34]} {[%emt 00:00:52]} Nd6
{[%clk 00:01:44]} {[%emt 00:00:25]} 39. Bxe4 {[%clk 00:00:35]} {[%emt
00:00:29]} Bxc3 {[%clk 00:01:52]} {[%emt 00:00:22]} 40. Bxg6 {[%clk 00:00:34]}
{[%emt 00:00:31]} Bxe1+ {[%clk 00:02:16]} {[%emt 00:00:06]} 0-1

[Event "DVM U20 2020"]
[Site "Willingen GER"]
[Date "2021.06.24"]
[Round "1"]
[White "Ließ, Alexander"]
[Black "Glinzner, Alva"]
[Result "1/2-1/2"]
[Termination "normal"]
[Board "2.5"]
[WhiteElo "1911"]
[BlackElo "1855"]
[WhiteTeam "SC Bavaria Regensburg von 1881 e.V."]
[BlackTeam "Lübecker SV von 1873"]
[WhiteFideId "16221338"]
[BlackFideId "16206169"]
[EventCountry "GER"]
[EventRounds "7"]
[EventType "team-swiss"]
[EventDate "2021.06.23"]

1. d4 Nf6 2. c4 e6 3. Nf3 Be7 4. g3 d5 5. Bg2 c6 6. O-O O-O 7. Nc3 Nbd7 8. b3
b6 9. Bb2 Bb7 10. e3 Re8 11. Qe2 Bd6 12. Rfd1 Rc8 13. Rac1 Rc7 14. Nd2 Ba6 15.
f4 Bf8 16. e4 Nxe4 17. Ndxe4 dxe4 18. Nxe4 f5 19. Ng5 Nf6 20. Qc2 h6 21. Nf3
Ng4 22. Re1 Bd6 23. h3 Nf6 24. Ne5 Bb7 25. Rcd1 Qc8 26. c5 Bxe5 27. Rxe5 Nd5
28. a3 Rf7 29. Rde1 Rff8 30. a4 Qd7 31. Ba3 Rf6 32. Rc1 Rc8 33. Qf2 Nc7 34. b4
b5 35. a5 a6 36. Rce1 Rd8 37. Bb2 Rdf8 1/2-1/2

[Event "DVM U20 2020"]
[Site "Willingen GER"]
[Date "2021.06.24"]
[Round "1"]
[White "Sommer, Justus"]
[Black "Brüll, Elias"]
[Result "1-0"]
[Termination "normal"]
[Board "2.6"]
[WhiteElo "1744"]
[BlackElo "1798"]
[WhiteClock "01:30:55"]
[WhiteTeam "Lübecker SV von 1873"]
[BlackTeam "SC Bavaria Regensburg von 1881 e.V."]
[PlyCount "11"]
[WhiteFideId "16245008"]
[BlackFideId "12964921"]
[EventCountry "GER"]
[EventRounds "7"]
[EventType "team-swiss"]
[EventDate "2021.06.23"]

1. e4 c5 2. Nf3 d6 3. Bb5+ Nd7 4. O-O a6 5. Bd3 e6 6. c3 b5 7. Bc2 Ngf6 8. Re1
Qc7 9. d4 Be7 10. Nbd2 O-O 11. Nf1 Bb7 12. Ng3 Rac8 13. Bb1 Rfd8 14. h3 a5 15.
Be3 b4 16. Bd3 Nb6 17. Rc1 Qb8 18. Qe2 a4 19. dxc5 dxc5 20. cxb4 c4 21. Bxc4
Nxe4 22. Bxb6 Nxg3 23. fxg3 Bxf3 24. Qxf3 Qxb6+ 25. Kh2 Bxb4 26. Rf1 Rc7 27.
Bd3 Rcd7 28. Bc2 Qa7 29. Qe4 Bd6 30. Qxh7+ Kf8 31. Qh8+ Ke7 32. Qxg7 Rf8 33.
Qf6+ Ke8 34. Bxa4 1-0

[Event "DVM U20 2020"]
[Site "Willingen GER"]
[Date "2021.06.24"]
[Round "1"]
[White "Küppers, Timo"]
[Black "Schmider, Niklas"]
[Result "0-1"]
[Termination "normal"]
[Board "3.1"]
[WhiteTitle "FM"]
[BlackTitle "FM"]
[WhiteElo "2287"]
[BlackElo "2303"]
[WhiteClock "00:25:52"]
[BlackClock "00:07:10"]
[WhiteTeam "Schachfreunde Essen-Katernberg"]
[BlackTeam "OSG Baden-Baden"]
[PlyCount "46"]
[WhiteFideId "16205820"]
[BlackFideId "12993778"]
[EventCountry "GER"]
[EventRounds "7"]
[EventType "team-swiss"]
[EventDate "2021.06.23"]

1. e4 e5 2. Nf3 Nc6 3. Bb5 a6 4. Ba4 Nf6 5. O-O Bc5 6. d3 b5 7. Bb3 d6 8. Nc3
O-O 9. Bg5 h6 10. Bh4 Bg4 11. Bd5 Nd4 12. Bxa8 g5 13. Nd5 gxh4 14. c3 Nxf3+ 15.
gxf3 Bh5 16. Kh1 Nxd5 17. Bxd5 Qf6 18. Rg1+ Kh7 19. Rg4 Bxg4 20. fxg4 Rg8 21.
Qe2 Qf4 22. Rg1 h3 23. Bc6 h5 24. Bd7 hxg4 25. d4 exd4 26. Bxg4 d3 27. Qf3
Qxf3+ 28. Bxf3 Bxf2 29. Rf1 Bb6 30. e5 d2 31. Be4+ Kh8 32. exd6 cxd6 33. Bc2
Re8 0-1

[Event "DVM U20 2020"]
[Site "Willingen GER"]
[Date "2021.06.24"]
[Round "1"]
[White "Trifan, Andrei Ioan"]
[Black "Irkilmez, Yakub"]
[Result "0-1"]
[Termination "normal"]
[Board "3.2"]
[WhiteElo "2237"]
[BlackElo "2167"]
[WhiteClock "00:07:45"]
[BlackClock "00:32:40"]
[WhiteTeam "OSG Baden-Baden"]
[BlackTeam "Schachfreunde Essen-Katernberg"]
[WhiteFideId "12967068"]
[BlackFideId "16204581"]
[EventCountry "GER"]
[EventRounds "7"]
[EventType "team-swiss"]
[EventDate "2021.06.23"]

1. e4 e6 2. d4 d5 3. Nc3 Nf6 4. e5 Nfd7 5. f4 c5 6. Nf3 Nc6 7. Be3 Be7 8. Qd2
O-O 9. dxc5 Qa5 10. O-O-O b6 11. Bb5 Nb4 12. a3 bxc5 13. Bxd7 Bxd7 14. axb4
cxb4 15. Nb1 Rfc8 16. Nd4 Qa2 17. Qd3 a5 18. Nb5 a4 19. Nd6 a3 20. bxa3 Bxd6
21. exd6 Bb5 22. Qd2 Rxa3 23. Bd4 Rb3 0-1